| 000 -CABECERA |
| fixed length control field |
01075nam a22002177a 4500 |
| 003 - IDENTIFICADOR DEL NÚMERO DE CONTROL |
| control field |
AR-CdUCM |
| 008 - DATOS DE LONGITUD FIJA--INFORMACIÓN GENERAL |
| fixed length control field |
190329b ||||| |||| 00| 0 spa d |
| 040 ## - FUENTE DE LA CATALOGACIÓN |
| Agencia/entidad que catalogó originalmente la obra |
MUNICIPALIDAD PROVINCIAL DEL CUSCO |
| Entidad que transcribió la catalogación |
BIBLIOTECA MUNICIPAL DEL CUSCO |
| 082 ## - NÚMERO DE LA CLASIFICACIÓN DECIMAL DEWEY |
| No. de Clasificación |
348.31 / |
| Notacion interna |
C81 / 1946 |
| 110 ## - ENTRADA PRINCIPAL--NOMBRE DE ENTIDAD CORPORATIVA |
| Nombre de la institución, jurisdicción como entrada principal |
Misterio de Fomento |
| 9 (RLIN) |
26934 |
| 245 ## - MENCIÓN DE TÍTULO |
| Título |
Contrato de Sechura : |
| Resto del título |
y documentos conexos 1946 / |
| 260 ## - PUBLICACIÓN, DISTRIBUCIÓN, ETC. |
| Lugar de publicación, distribución, etc. |
Lima : |
| Nombre de la editorial, distribuidor, etc. |
Dirección de Minas y Petroleo, |
| Fecha de publicación, distribución, etc. |
1946. |
| 300 ## - DESCRIPCIÓN FÍSICA |
| Nº de Páginas Extensión |
XXXIV, 179 páginas ; |
| Otros detalles físicos |
ilustraciones, mapa, tablas, |
| Dimensiones |
24 cm. |
| 440 ## - MENCIÓN DE SERIE/PUNTO DE ACCESO ADICIONAL--TÍTULO |
| Título |
Boletín oficial de la Dirección de Minas y Petroleo. |
| Número de la parte/sección de una obra |
80 |
| 9 (RLIN) |
26935 |
| 505 ## - NOTA DE CONTENIDO CON FORMATO |
| Nota de contenido formateada |
Contenido: Exposición sobre el contrato de Sechura -- Contrato AD-Referendum celebrado entre el supremo Gobierno y la Internacional Petroleum company Limited -- Resoluciones y informaciones complementarias -- Contrato entre el Gobierno Peruano y de Bataafsche Petroleum Maatshappij, sobre la reserva de Sechura ... |
| 650 ## - PUNTO DE ACCESO ADICIONAL DE MATERIA--TÉRMINO DE MATERIA |
| Descriptor |
Economía Peruana |
| 9 (RLIN) |
8416 |
| 650 ## - PUNTO DE ACCESO ADICIONAL DE MATERIA--TÉRMINO DE MATERIA |
| Descriptor |
Reservas naturales |
| 9 (RLIN) |
26936 |
| 650 ## - PUNTO DE ACCESO ADICIONAL DE MATERIA--TÉRMINO DE MATERIA |
| Descriptor |
Petroleo. |
| 9 (RLIN) |
1700 |
| 942 ## - ELEMENTOS DE PUNTO DE ACCESO ADICIONAL (KOHA) |
| Fuente de clasificación |
|
| Tipo de item |
Libros-BMC |
| 945 ## - PROCESAMIENTO DE INFORMACIÓN LOCAL (OCLC) |
| Catalogador |
achl |